Výzvy Lisabonského systému

Pokračovanie článku z predchádzajúceho čísla. Začlenenie Lisabonskej dohody do meniaceho sa prostredia. Definícia a označenie rovnako znejúcich názvov. Vylúčenie homoným pri aplikácii predmetných ustanovení. Ochrana označenia v krajine pôvodu.

Salvato in:
Dettagli Bibliografici
Autore principale: Ficsor, Mihály
Natura: Capitolo di libro
Lingua:slovacco
Soggetti:
Tags: Aggiungi Tag
Nessun Tag, puoi essere il primo ad aggiungerne!!

MARC

LEADER 00000naa$a2200000$$$4500
001 0097951
005 20220729111153.3
041 0 |a slo 
044 |a SK 
245 1 0 |a Výzvy Lisabonského systému  |c Mihály Ficsor 
520 |a Pokračovanie článku z predchádzajúceho čísla. Začlenenie Lisabonskej dohody do meniaceho sa prostredia. Definícia a označenie rovnako znejúcich názvov. Vylúčenie homoným pri aplikácii predmetných ustanovení. Ochrana označenia v krajine pôvodu. 
610 2 0 |a patenty 
610 2 0 |a známky ochranné 
610 2 0 |a zmluvy medzinárodné 
610 2 0 |a Európska únia 
610 2 0 |a vlastníctvo duševné 
100 1 |a Ficsor, Mihály